000 00528nam a2200181Ia 4500
008 090124s9999 xx 000 0 und d
082 _b124612
100 _aराजे नयना
245 _a मी जिंकले मी हरले
250 _a1
260 _c1991
300 _a159
600 _aराजे नयना
630 _a मी जिंकले मी हरले
700 _aराजे नयना
730 _a मी जिंकले मी हरले
942 _cBOOK
999 _c170699
_d170699